Human diversity in education : An intercultural approach

Đã lưu trong:
Bibliografiske detaljer
Hovedforfatter:  Cushner, Kenneth
Format: Sách
Sprog:Undetermined
Udgivet:  McGraw-Hill  2012
Fag:
Tags: Tilføj Tag
Ingen Tags, Vær først til at tagge denne postø!
Thư viện lưu trữ: Trung tâm Thư viện - Trường Đại học Công nghiệp TP. Hồ Chí Minh
LEADER 00513nam a2200157Ia 4500
001 UIH_05287
008 231011s9999 xx 000 0 und d
082 |a  370.1170973 
100 |a  Cushner, Kenneth 
245 0 |a  Human diversity in education : An intercultural approach 
245 0 |c  Cushner, Kenneth 
260 |b  McGraw-Hill 
260 |c  2012 
650 |a  Giáo dục đa văn hóa;  
927 |a Sách 
980 |a Trung tâm Thư viện - Trường Đại học Công nghiệp TP. Hồ Chí Minh